<?xml version="1.0" encoding="UTF-8"?>
<record
    xmlns:xsi="http://www.w3.org/2001/XMLSchema-instance"
    xsi:schemaLocation="http://www.loc.gov/MARC21/slim http://www.loc.gov/standards/marcxml/schema/MARC21slim.xsd"
    xmlns="http://www.loc.gov/MARC21/slim">

  <leader>01301    a2200193   4500</leader>
  <controlfield tag="001">25185</controlfield>
  <controlfield tag="005">20260407155535.0</controlfield>
  <controlfield tag="008">260407a1962    arg                 spa d</controlfield>
  <controlfield tag="003">AR-UNSa-BCEJYS</controlfield>
  <datafield tag="040" ind1=" " ind2=" ">
    <subfield code="a">AR-UNSa-BCEJYS</subfield>
    <subfield code="b">spa</subfield>
    <subfield code="c">AR-UNSa-BCEJYS</subfield>
  </datafield>
  <datafield tag="080" ind1=" " ind2=" ">
    <subfield code="a">519.22</subfield>
    <subfield code="x">Teor&#xED;a estad&#xED;stica. Modelos estad&#xED;sticos. Estad&#xED;stica matem&#xE1;tica en general
</subfield>
  </datafield>
  <datafield tag="245" ind1="1" ind2="0">
    <subfield code="a">Estad&#xED;stica</subfield>
  </datafield>
  <datafield tag="264" ind1=" " ind2="1">
    <subfield code="a">Buenos Aires :</subfield>
    <subfield code="b">Kapelusz</subfield>
    <subfield code="c">1962</subfield>
  </datafield>
  <datafield tag="300" ind1=" " ind2=" ">
    <subfield code="a">373 p.</subfield>
    <subfield code="c">23 cm.</subfield>
  </datafield>
  <datafield tag="505" ind1=" " ind2=" ">
    <subfield code="a">1. Introducci&#xF3;n a la estad&#xED;stica - 2. Probabilidades - 3. Variable aleatoria - 4. Pruebas repetidas - 5. La funci&#xF3;n normal y otras distribuciones - 6. Relevamiento y compilaci&#xF3;n de datos - 7. Representaciones gr&#xE1;ficas - 8. Ajuste e interpolaci&#xF3;n - 9. Series de frecuencias - 10.  An&#xE1;lisis de una serie frecuencias - 11. Series de frecuencia: concentraci&#xF3;n - 12. An&#xE1;lisis de series cronol&#xF3;gicas - 13. Series cronol&#xF3;gicas (continuaci&#xF3;n) - 14. N&#xFA;meros &#xED;ndices - 15. Regresi&#xF3;n y correlaci&#xF3;n - 16. Regresi&#xF3;n y correlaci&#xF3;n (complementos) - 17. Teor&#xED;a de atributos cualitativos - 18. Nociones sobre la teor&#xED;a de las muestras - 19. Teor&#xED;a de las muestras (continuaci&#xF3;n) - 20. Aplicaciones de la teor&#xED;a de las muestras
 </subfield>
  </datafield>
  <datafield tag="942" ind1=" " ind2=" ">
    <subfield code="c">BK</subfield>
  </datafield>
  <datafield tag="590" ind1=" " ind2=" ">
    <subfield code="a">niveau_biblio:m niveau_hierar:0</subfield>
  </datafield>
  <datafield tag="100" ind1="1" ind2=" ">
    <subfield code="a">Toranzos, Fausto I.</subfield>
  </datafield>
  <datafield tag="999" ind1=" " ind2=" ">
    <subfield code="c">1296</subfield>
    <subfield code="d">1296</subfield>
  </datafield>
  <datafield tag="952" ind1=" " ind2=" ">
    <subfield code="0">0</subfield>
    <subfield code="1">0</subfield>
    <subfield code="4">0</subfield>
    <subfield code="7">0</subfield>
    <subfield code="a">BCEJYS</subfield>
    <subfield code="b">BCEJYS</subfield>
    <subfield code="c">16</subfield>
    <subfield code="d">2026-04-07</subfield>
    <subfield code="l">0</subfield>
    <subfield code="o">519.22 T676</subfield>
    <subfield code="p">L20640</subfield>
    <subfield code="r">2026-04-07 15:55:35</subfield>
    <subfield code="w">2026-04-07</subfield>
    <subfield code="y">L</subfield>
  </datafield>
  <datafield tag="952" ind1=" " ind2=" ">
    <subfield code="0">0</subfield>
    <subfield code="1">0</subfield>
    <subfield code="4">0</subfield>
    <subfield code="7">0</subfield>
    <subfield code="a">BCEJYS</subfield>
    <subfield code="b">BCEJYS</subfield>
    <subfield code="c">16</subfield>
    <subfield code="d">2026-04-07</subfield>
    <subfield code="l">0</subfield>
    <subfield code="o">519.22 T676</subfield>
    <subfield code="p">L20925</subfield>
    <subfield code="r">2026-04-07 15:55:35</subfield>
    <subfield code="w">2026-04-07</subfield>
    <subfield code="y">L</subfield>
  </datafield>
</record>
